[Event "Interzonal-14c"]
[Site "Zagreb"]
[Date "1987.??.??"]
[Round "7"]
[White "Ehlvest, Jaan"]
[Black "Barlov, Dragan"]
[Result "1-0"]
[WhiteElo "2540"]
[BlackElo "2555"]
[Annotator "Stohl,I"]
[PlyCount "117"]
[EventDate "1987.08.01"]
[EventType "tourn"]
[EventRounds "17"]
[EventCountry "YUG"]
[EventCategory "12"]
[SourceTitle "CBM 004"]
[Source "ChessBase"]
[SourceDate "1988.06.01"]
[SourceVersion "1"]
[SourceVersionDate "1988.06.01"]
[SourceQuality "1"]

1. d4 Nf6 2. Nf3 c5 3. d5 e6 4. c4 exd5 5. cxd5 d6 6. Nc3 a6 $6 7. a4 g6 8. Nd2
$5 {>< b6} (8. e4 $5) 8... Nbd7 9. e4 Bg7 10. Nc4 Nb6 (10... Qe7 11. Be2 Ne5
12. Nb6 $16) 11. Ne3 $1 O-O 12. Bd3 Re8 13. O-O Rb8 14. Bd2 (14. Rb1 $5 {/\ b4}
) 14... Nbd7 $6 (14... h5 $5 {/\ Ng4}) 15. a5 Ne5 16. Be2 g5 17. f3 h6 (17...
Ng6 18. Na4 g4 19. Bc3 $16) 18. Na4 Ng6 19. Nb6 $16 {>< b6,f5} Nd7 20. Nxc8
Rxc8 21. Nf5 Bf8 22. g3 Nf6 23. Bc3 Kh7 24. Qc2 Rc7 25. Rae1 Kg8 26. Bd1 $1 $18
{->>>} Nh7 27. Qg2 Ne7 28. Ba4 Nxf5 29. Bxe8 Nd4 30. Ba4 Bg7 31. Kh1 Nf8 32.
Rd1 Ng6 33. b4 Nb5 34. Bxg7 Kxg7 35. Bxb5 axb5 36. f4 cxb4 37. Qb2+ Qf6 38. e5
$5 (38. Qxf6+ Kxf6 39. e5+ dxe5 40. fxg5+ Kxg5 41. d6 $18) 38... dxe5 39. d6
Rd7 40. f5 Nf8 41. Qxb4 h5 42. Qc5 Nh7 43. Rfe1 Qd8 44. f6+ Kg6 45. Qxe5 Nxf6
46. Qd4 Qxa5 47. Re5 Qa4 48. Qd3+ Kh6 49. Rf1 Ng4 50. Re8 Qa1 51. Rxa1 Nf2+ 52.
Kg1 Nxd3 53. Rd1 Nc5 54. Re7 Rd8 55. Rxf7 b4 56. Rc7 b6 57. d7 Kg7 58. Rc8 Ne6
59. Rd6 1-0

[Event "Groningen"]
[Site "Groningen"]
[Date "1994.??.??"]
[Round "7"]
[White "Sokolov, Ivan"]
[Black "Georgiev, Kiril"]
[Result "1/2-1/2"]
[WhiteElo "2625"]
[BlackElo "2615"]
[Annotator "Stohl,I"]
[PlyCount "101"]
[EventDate "1994.12.??"]
[EventType "tourn"]
[EventRounds "11"]
[EventCountry "NED"]
[EventCategory "15"]
[SourceTitle "CBM 045"]
[Source "ChessBase"]
[SourceDate "1995.04.01"]
[SourceVersion "1"]
[SourceVersionDate "1995.04.01"]
[SourceQuality "1"]

1. d4 Nf6 2. c4 c5 3. d5 e6 4. Nc3 exd5 5. cxd5 d6 6. Nf3 g6 7. Bf4 a6 8. a4
Bg7 9. h3 O-O 10. e3 Nh5 (10... Qe7 $5 11. Nd2 (11. Bd3 Nbd7 12. O-O Rb8 13.
Bh2 Ne8 14. e4 Ne5 15. Nxe5 dxe5 16. a5 Nd6 17. Qd2 Bd7 18. Na4 c4 19. Bb1 Rbe8
20. Nb6 f5 21. Re1 f4 22. f3 g5 $40 {Arencibia,WR-Hernandez,Gi/Capablanca
mem-B/1992/}) 11... Nh5 12. Bh2 f5 13. Nc4 f4 14. Be2 fxe3 15. Bxh5 Rxf2 16.
Bg3 Rxg2 17. Qf3 Rxb2 18. Rc1 Rb4 19. Nxd6 Bd7 20. Bg4 Bxg4 21. hxg4 Nd7 22.
Nce4 Rf8 23. Qxe3 Re8 $36 {Raicevic,V-Wojtkiewicz,A/Athens Akropolis/1992/})
11. Bg5 $5 $146 (11. Bh2 f5 {/\f4,ץh2} 12. Qd2 (12. Be2 f4 13. e4 Nd7 14. a5
Rb8 $15 {1/2:1/2,Gruenberg,HU-Luther,T/Stralsund ch-DDR/1988/}) 12... Bh6 13.
Bd3 f4 14. O-O Nd7 15. Rae1 Rb8 16. Qc2 Kg7 17. Ne4 Nb6 18. exf4 Nxf4 19. Qc3+
Kg8 20. Bxf4 Rxf4 21. a5 Na8 22. Neg5 Nc7 $15 {Genov,Pete-Pigusov,E/Berlin/
1992/}) 11... f6 (11... Bf6 $5 12. Bxf6 Nxf6 13. Bc4 Re8 14. O-O b6 {
/\Ra7-e7<=>}) 12. Bh4 g5 13. Nd2 $8 (13. Bg3 Nxg3 14. fxg3 f5 $17) 13... Qe8 (
13... gxh4 14. Qxh5 f5 15. Bd3 $14) 14. Be2 gxh4 (14... Nf4 15. exf4 gxh4 16.
O-O f5 17. Nc4 $36) 15. Bxh5 Qe7 16. O-O f5 17. Nc4 Nd7 18. Ne2 $36 {><f4,P,>>}
Rb8 (18... Ne5 19. Nb6 Rb8 20. Nf4 {/\Nc8,><e6}) 19. Nf4 Nf6 (19... b5 20. axb5
axb5 21. Na5 $16) 20. Nb6 (20. a5 $142 Bd7 $5 $14 {/\Bb5}) 20... Nxh5 21. Qxh5
Bxb2 22. Rab1 Be5 23. Nxc8 Rfxc8 $6 (23... Rbxc8 $5 24. Ne6 Rf7 25. Ng5 (25. f4
Bh8 $13) 25... Rg7 26. Ne6 $10) 24. Qxf5 Bxf4 (24... b5 $2 25. axb5 axb5 26.
Rxb5 $1 $16) 25. Qxf4 $14 Rf8 (25... b5 26. axb5 axb5 27. Rxb5 $1 Rxb5 28. Qg4+
$16) 26. Qc4 {עg8,d6,b7} Rf7 27. Rb6 Re8 28. Rfb1 Qf6 29. R1b2 Ree7 30. a5 Rg7
{/\Qf3} 31. Qf4 $5 Qxf4 32. exf4 Re1+ (32... Rd7 33. Kh2 {/\g4,f5|^}) 33. Kh2
Rd7 34. Rxb7 (34. g4 $5 hxg3+ 35. fxg3 $14) 34... Rxb7 35. Rxb7 Rd1 (35... Ra1
36. Rb6 $16) 36. Rb6 Rxd5 37. Rxa6 Rd4 38. f5 (38. g3 Rd2 $1 39. Kg1 c4 40. Rc6
d5 $132) 38... Ra4 $1 (38... Rf4 39. Rxd6 Rxf2 40. a6 Ra2 $8 41. Rd8+ Kf7 42.
Rd7+ Kf6 43. Rxh7 Kxf5 44. Rxh4 Rxa6 45. Rh5+ $18) 39. Ra8+ (39. Rxd6 $142 Rxa5
40. Rc6 (40. g4 hxg3+ 41. fxg3 c4 42. g4 Rc5 43. Rd2 c3 44. Rc2 h5 $1 $10)
40... Ra2 41. f3 Rc2 42. Rh6 Rc4 $14) 39... Kg7 40. a6 c4 41. a7 c3 42. f6+ (
42. Rc8 Rxa7 43. Rxc3 Ra2 $132) 42... Kf7 $8 43. Rh8 (43. Rc8 Rxa7 44. Rxc3
Kxf6 45. Rc4 Kg5 $10) 43... c2 44. Rxh7+ Kxf6 45. Rc7 Rxa7 46. Rxc2 d5 $44 47.
g3 hxg3+ 48. Kxg3 (48. fxg3 d4 49. Kg2 Ke5 $10) 48... Kf5 49. Rc8 Rd7 50. Kf3
Rh7 (50... d4 51. Ke2 Rh7 52. Rf8+ Ke4 $10) 51. Rf8+ (51. Rf8+ Ke6 52. Kg4 Rg7+
$10) 1/2-1/2

[Event "Mondariz zt 1.1"]
[Site "Mondariz"]
[Date "2000.09.13"]
[Round "10"]
[White "Piket, Jeroen"]
[Black "Reinderman, Dimitri"]
[Result "1-0"]
[WhiteElo "2649"]
[BlackElo "2551"]
[Annotator "Stohl,I"]
[PlyCount "64"]
[EventDate "2000.09.03"]
[EventType "swiss"]
[EventRounds "11"]
[EventCountry "ESP"]
[SourceTitle "CBM 079"]
[Source "ChessBase"]
[SourceDate "2000.11.21"]
[SourceVersion "1"]
[SourceVersionDate "2000.11.21"]
[SourceQuality "1"]

1. d4 Nf6 2. Nf3 c5 3. d5 e6 4. c4 exd5 5. cxd5 d6 6. Nc3 g6 7. Bg5 Bg7 8. Nd2
h6 9. Bh4 O-O (9... g5 $5 10. Bg3 Nh5 11. Qa4+ $5 (11. Nc4 Nxg3 12. hxg3 Bxc3+
13. bxc3 Qf6 14. Qc2 Nd7 15. e4 Ne5 16. Ne3 Ng4 17. Bb5+ Kf8 18. Nxg4 Bxg4 19.
O-O a6 20. Be2 Bxe2 21. Qxe2 Qxc3 22. Rac1 Qe5 23. f4 gxf4 24. gxf4 Qd4+ 25.
Rf2 Re8 26. Rc4 Qa1+ 27. Rf1 Qf6 28. e5 $44 {Vokac,M-Poloch,P/CZE-chT 9495/
1995/}) 11... Kf8 12. e3 a6 13. Qc2 b5 14. a4 b4 15. Nce4 Nxg3 (15... Bf5 16.
Bd3 Nxg3 17. hxg3 Nd7 18. O-O Bxe4 19. Bxe4 h5 20. Bf5 Ra7 21. Bxd7 Rxd7 22.
Nc4 Qf6 23. f4 g4 24. Kf2 h4 25. Rh1 Rh5 26. gxh4 Rxh4 27. Kg3 $16 {Cebalo,
M-Horvath,J/Zenica/1987/}) 16. Nxg3 Nd7 17. Be2 (17. Bd3 Ne5 18. Bf5 c4 $1 $13)
17... Ra7 18. O-O (18. Nf5 $5 $14) 18... Nf6 19. Nc4 h5 20. Rad1 Re7 21. b3 g4
22. Bd3 Rh6 23. Ne2 Nxd5 24. Bf5 Bxf5 25. Qxf5 Nc3 26. Nxc3 bxc3 27. Qxc5 Kg8
28. Qf5 Qb8 29. Qc2 h4 $13 {Sale,S-Zelcic,R/Solin/1996/}) 10. e3 Nbd7 ({
The most usual move is} 10... Na6 11. a4 Nc7 12. Nc4 b6 13. Be2 Ba6 14. O-O Re8
15. Rb1 Qd7 (15... Bxc4 $142 16. Bxc4 Qd7 $132 {[%cal Ya7a6,Yb6b5] /\a6,b5})
16. b3 Ne4 17. Nxe4 Rxe4 18. Bg3 Bxc4 19. Bxc4 a6 20. Bd3 Ree8 21. e4 b5 22.
Bc2 a5 23. Bd3 Rab8 24. Qd2 bxa4 25. bxa4 Rb4 26. Rxb4 axb4 27. Qa2 Ra8 28. a5
Bd4 29. h3 Ne8 $13 {Avrukh,B-Mittelman,G/ISR-chT/1999/}) 11. Be2 a6 (11... Re8
12. O-O a6 13. a4 Rb8 (13... g5 14. Bg3 Ne5 15. Qb1 g4 16. Bxe5 Rxe5 17. Nc4
Rh5 18. Rd1 Bf5 19. Bd3 Bd7 20. a5 Qe7 21. Ne2 Rg5 22. Ng3 Rd8 23. Nb6 h5 24.
Nxd7 Nxd7 25. Nf5 Qf8 26. Bf1 Bf6 27. Kh1 Kh8 28. Ra4 Re8 29. Be2 Rg6 30. h3
$40 {Benjamin,J-Blocker,C/Chicago/1987/}) 14. Bg3 (14. Qc2 Ne5 15. h3 Qe7 16.
a5 b5 17. axb6 Rxb6 18. Ra2 Rb4 19. Bg3 Qb7 20. Bxa6 Qb6 21. Bxc8 Rxc8 22. Bxe5
dxe5 23. e4 Rb8 24. b3 Nd7 25. Rfa1 $16 {Bosboom,M-Reinderman,D/Wijk aan Zee
blitz/1999/}) 14... Ne5 15. h3 g5 16. a5 Bf5 17. Bxe5 Rxe5 18. Nc4 Re8 19. Ra3
Ne4 20. Nxe4 Bxe4 21. Rb3 Qe7 22. Rb6 Rbd8 23. f3 Bg6 24. Bd3 Rd7 25. Qc2 Bxd3
26. Qxd3 Red8 27. Qf5 Qf6 28. Qxf6 Bxf6 29. Ra1 Be7 30. Ra3 Ra8 31. Rab3 Ra7
32. e4 $18 {Kiss,P-Titz,H/Eger/1987/}) (11... Qe7 12. O-O g5 13. Bg3 Ne8 $5 14.
e4 Ne5 15. Nc4 f5 16. exf5 Bxf5 (16... Nxc4 17. Bxc4 Bxf5 18. Re1 $36) 17. Nxe5
Bxe5 18. Bd3 Bxg3 19. hxg3 Qh7 $6 (19... Ng7 $142 {/\Rae8}) 20. Bxf5 Qxf5 21.
Qb3 Rf7 22. Rae1 Ng7 23. f3 Qg6 24. g4 Raf8 25. Re4 h5 26. Rfe1 Qh7 27. Nd1
hxg4 28. Rxg4 Qh5 29. Nf2 Nf5 30. Ne4 Rg7 31. Qc3 Nd4 32. Nxd6 Rh7 33. Ne4 Qh2+
34. Kf1 Rh5 35. Nxg5 Rh4 {1-0,Furman,S-Vasiukov,E/URS-ch/1969/}) 12. a4 Qe7 $5
$146 {[%mdl 8]} (12... Re8 {-11...Re8}) 13. O-O Rb8 14. h3 g5 15. Bg3 Ne5 16.
a5 $5 (16. Bxe5 Qxe5 17. Nc4 Qe7 18. a5 Nd7 {[%cal Rb7b5] /\b5<=>}) 16... Nfd7
17. f4 (17. Qc2 f5 18. f4 Nf7 $5 $13 {covers the potentially vulnerable Pd6.})
17... Ng6 18. Kh2 (18. Nc4 b5 $1 19. axb6 Nxb6 {/\} 20. Qd2 Nxc4 21. Bxc4 Rxb2
22. Qxb2 Qxe3+ 23. Bf2 Qxc3 $15) 18... b5 (18... Qxe3 $2 19. Nc4 Qe7 20. fxg5
Nge5 (20... hxg5 21. Bxd6 Be5+ 22. Bxe5 Ndxe5 23. d6 $16) 21. gxh6 Bxh6 22. Qc2
$40 {[%csl Rf7,Rg8] ׻}) 19. axb6 Nxb6 20. Bxa6 Bxc3 (20... Bxa6 $5 21. Rxa6
Bxc3 22. bxc3 Nxd5 23. Nc4 Nxc3 24. Qxd6 Qe4 $5 25. Ne5 (25. Nd2 Qxe3 26. Rf3
Qe2 27. Rxc3 Rfd8 $17) 25... Rb2 26. Rf2 Rxf2 27. Bxf2 Nxe5 28. fxe5 Qf5 29.
Qxh6 Qxe5+ (29... Ne4 30. e6 $1 fxe6 31. Ra7 Rf7 32. Ra8+ Rf8 33. Rxf8+ Qxf8
34. Qxe6+ $18) 30. Bg3 Qxe3 31. Ra1 $5 $44 {/\Rf1,Bd6} (31. Rg6+ fxg6 32. Qxg6+
$11)) 21. bxc3 Nxd5 22. Nc4 Nxc3 (22... Bxa6 23. Qxd5 $5 (23. Rxa6 {-20...Ba6})
23... Bxc4 (23... Bb7 24. Qd2 $14) 24. Qxc4 Rb6 25. fxg5 hxg5 26. Qd5 $14) 23.
Qxd6 Ne4 $6 (23... Bxa6 24. Qxe7 $1 (24. Rxa6 Qe4 $5 $13 (24... Rb4 $5)) 24...
Nxe7 25. Rxa6 Ned5 (25... Nf5 26. Be1 $5 (26. fxg5 Nxg3 27. Kxg3 Ne4+ 28. Kf4
Rfe8 $132 {[%cal Rb8b4] /\Rb4}) 26... Nd5 27. fxg5 Nfxe3 28. Nxe3 Nxe3 29. Rf3
$16) 26. fxg5 Rb4 27. Nd6 hxg5 28. Rf5 $40) (23... Qxd6 $142 24. Nxd6 Bxa6 25.
Rxa6 gxf4 26. exf4 Ne2 27. f5 (27. Bf2 $5 Nexf4 28. Be3 $14) 27... Nxg3 28.
Kxg3 Ne5 29. Kf4 $14) 24. Qxe7 Nxe7 25. fxg5 Nxg3 $8 26. Kxg3 hxg5 27. Bxc8
Rbxc8 (27... Nxc8 28. Rf5 $16) 28. Ra7 $1 (28. Kg4 Rc6 29. Ra7 Re8 30. Rd7 Re6
$132) 28... Nc6 (28... Nd5 $2 29. Rf5 $16) (28... Rce8 29. Nd6 (29. Rc7 Nd5 30.
Rxc5 Nxe3 31. Rxg5+ Kh7 32. Nxe3 Rxe3+ $14) 29... Rd8 30. Ne4 (30. Nf5 Nxf5+
31. Rxf5 f6 32. Rxc5 Rf7 $14 {/=}) 30... Nd5 31. Rf5 f6 32. Kf3 Rf7 (32... c4
33. Ra5 $16) 33. Ra6 $40) 29. Rd7 f6 30. Rf5 (30. Rd6 $5 Kg7 (30... Ne5 31.
Nxe5 fxe5 32. Rg6+ Kh7 33. Rxf8 Rxf8 34. Rxg5 $16) 31. Nb6 Rc7 32. Nd5 $16 {
[%csl Rf6] ><f6}) 30... Rce8 $138 (30... Rf7 $1 31. Rxf7 Kxf7 32. Rxc5 (32.
Nd6+ Ke6 33. Rxf6+ Kxf6 34. Nxc8 c4 35. Nb6 Ne5 $44) 32... Ke6 $16 {/+/=}) 31.
Rxc5 Re6 32. Kg4 Ra8 $138 (32... Ra8 33. Kf5 Rae8 34. Rd6 $1 Rxd6 35. Nxd6 $18)
1-0

[Event "Novgorod"]
[Site "Novgorod"]
[Date "1995.06.05"]
[Round "9"]
[White "Ivanchuk, Vassily"]
[Black "Topalov, Veselin"]
[Result "0-1"]
[WhiteElo "2700"]
[BlackElo "2630"]
[Annotator "Stohl,I"]
[PlyCount "120"]
[EventDate "1995.05.??"]
[EventType "tourn"]
[EventRounds "9"]
[EventCountry "RUS"]
[EventCategory "17"]
[SourceTitle "CBM 048"]
[Source "ChessBase"]
[SourceDate "1995.10.01"]
[SourceVersion "1"]
[SourceVersionDate "1995.10.01"]
[SourceQuality "1"]

1. d4 Nf6 2. Nf3 e6 3. c4 c5 4. d5 d6 5. Nc3 exd5 6. cxd5 g6 7. Nd2 (7. Bg5 h6
8. Bh4 Nbd7 9. Nd2 g5 10. Bg3 Nh5 11. Nde4 Nxg3 12. Nxg3 a6 13. e3 Ne5 14. Be2
Bg7 15. Nh5 O-O 16. Nxg7 Kxg7 17. O-O g4 18. Qd2 Rg8 19. Kh1 Kh8 20. Ne4 Bf5
21. Ng3 Bh7 22. Qc3 b5 23. b4 Rc8 $132 {Nedobora,M-Moskalenko,V/Noyabrsk/1995/}
) 7... Bg7 (7... Na6 8. Nc4 Nc7 9. e4 $1 (9. a4 b6 (9... Rb8 10. e4 Bg7 11. Bf4
O-O 12. Be2 Nce8 13. O-O a6 14. a5 Qe7 15. e5 Nd7 16. exd6 Qd8 17. Na4 Bd4 18.
Qd2 Ng7 19. Rae1 f6 20. b4 $18 {Van Der Sterren,P-Austin,D/Novi Sad olm /1990/}
) 10. e4 Ba6 11. Be2 Bg7 12. Bf4 Bxc4 13. Bxc4 Nh5 14. Be3 Qh4 15. Qd2 O-O 16.
Bg5 Bxc3 17. Bxh4 Bxd2+ 18. Kxd2 Rfe8 19. Rhe1 Kg7 20. e5 Rxe5 21. Rxe5 dxe5
$44 {Gostisa,L-Ivanka Budinsky,M/Belgrade GMA-op/1988/}) 9... b5 10. Na5 a6 11.
Bg5 Bg7 12. Qf3 Bd7 13. e5 dxe5 14. Nb7 Qe7 15. d6 Qe6 16. Bxf6 Bxf6 17. Nxc5 {
1-0,Sadler,M-Stratil,L/Oakham/1988/}) 8. Nc4 (8. e4 O-O 9. Bd3 (9. Nc4 a6 10.
a4 Qc7 11. Bd3 Nbd7 12. f4 Re8 13. O-O Rb8 14. Na3 Nf8 15. Re1 Bd7 16. Bd2 Kh8
17. Qc2 Ng8 18. Kh1 Ne7 19. a5 f5 20. Nc4 fxe4 21. Nxe4 Nxd5 22. Nexd6 $36 {
Flamarzi,T-Abdullah,A,M/WCH B-14 Bratislava/1993/}) 9... Re8 10. O-O Nbd7 11.
Nc4 Ne5 12. Nxe5 Rxe5 13. Bf4 Re8 14. Qd2 a6 15. a4 c4 16. Bc2 Rb8 17. a5 b5
18. axb6 Qxb6 19. Be3 $14 {1/2-1/2,Reshevsky,S-Arnason,J/Reykjavik op/1984/})
8... O-O 9. g3 b6 10. a4 Ba6 $1 (10... Na6 $6 11. Bg2 Ne8 (11... Nc7 $2 12.
Nxd6 $1 $16) 12. O-O Nac7 13. Bd2 Rb8 14. Rb1 f5 15. b4 cxb4 16. Rxb4 Na6 17.
Rb1 Nc5 18. Na5 $1 Bb7 19. Nc6 Bxc6 20. dxc6 Rc8 21. Qc2 Nf6 22. Rfd1 Qe7 23.
Bg5 Kh8 24. e3 $16 {Baburin,A-Joyce/Bunratty op/1995/}) 11. Nb5 Ne8 12. Bg2 (
12. Bf4 Bxb5 13. axb5 Qe7 (13... g5 $6 14. Bd2 f5 15. h4 $36 {[%csl Rg7,Rg8,
Rh7,Rh8][%cal Rh1h7] <->h,׻}) 14. Qd2 Nd7 15. Bg2 $13) 12... Bxb5 13. axb5 {
[%csl Rb5] ><b5} Nd7 14. Bf4 Qe7 15. O-O $6 (15. Qd2 $142 Ne5 16. Nxb6 (16. Qe3
$5 $13) (16. Rc1 $2 Nxc4 17. Rxc4 Nc7 $17) 16... Rb8 17. Bxe5 Bxe5 18. Nc4 $10)
15... g5 $1 {()>>} 16. Bd2 Nc7 {[%csl Rb5]} 17. Qb3 $8 f5 18. Rae1 (18. f4 $5
$132 {[]} gxf4 19. Bxf4 (19. gxf4 Nf6 $15 {[%csl Rd5][%cal Yf6e4] ><d5,/\Ne4})
19... Ne5 20. Rae1 $13) 18... f4 $17 19. gxf4 gxf4 20. Kh1 Ne5 21. Bf3 (21.
Nxe5 Bxe5 $17 {[%cal Re7d7,Yg8h8,Yf8g8] /\Qd7,><b5,-><->g}) (21. Na3 Ng6 $5 $40
{[%cal Rg6h4] /\Nh4}) 21... Qd7 22. Rg1 Qxb5 23. Qxb5 Nxb5 24. Nxe5 dxe5 25.
Bg4 (25. Rg4 Kh8 26. Reg1 Bf6 $17) 25... Kh8 26. Bd7 Nc7 $1 {[%csl Rd5] ><d5} (
26... Nd6 27. e4 $15) 27. Bc6 (27. d6 Rad8 28. dxc7 Rxd7 $17 {[%cal Rd7c7] /
\Rc7}) 27... Rad8 28. e4 fxe3 29. Rxe3 (29. Bxe3 Nxd5 30. Bg5 Rd6 $19) 29...
Nxd5 30. Reg3 Ne7 $1 (30... Rg8 $2 31. Bxd5 Rxd5 32. Bh6 Rd7 33. Rg5 $132 {~/=}
) 31. Rxg7 Nxc6 $19 32. Be3 Rd6 33. Rc7 (33. R7g5 Nd4 {[%cal Rd4f3] /\Nf3})
33... Rg8 34. Rxg8+ Kxg8 35. Kg2 e4 (35... Rf6 36. Kg3 (36. f3 Nd4 37. Bxd4
exd4 38. Rxa7 Rc6 $19) 36... e4 {-35...e4}) 36. Kg3 Rf6 37. Bg5 Rf3+ (37... Rg6
$142 38. Kf4 Nd4 39. Rc8+ Kf7 40. Rc7+ Ke8 {/\} 41. Rxh7 Ne6+ 42. Kf5 Nxg5 $19)
38. Kg2 Nd4 39. Rxa7 Nf5 $6 (39... Rb3 40. Bh6 Nf5 $19) 40. Ra4 Rb3 41. Rxe4
Rxb2 42. Rf4 Ng7 {Black has made it difficult for himself, but the position
still remains won. First he will free his K and then advance his passed P.} 43.
Rf6 Rb4 44. Kf3 h5 45. h4 (45. Bh6 b5 46. Rg6 Kh7 $19) 45... b5 46. Rc6 Rc4 $1
(46... c4 $6 47. Bf6 $132 {/\} Nf5 48. Ke4) 47. Rc8+ (47. Bf6 Nf5 $19) (47. Be7
Nf5 $1 48. Bxc5 Nd4+) 47... Kf7 48. Rc7+ Kg6 49. Rc6+ Kf5 50. Rf6+ Ke5 51. Rh6
{[%cal Rg5f6] /\Bf6} Nf5 $1 52. Rxh5 {[%csl Gb5,Gc5][%cal Rb5b1] White has
equalized material, but the passed pawns are already too far.} b4 53. Rh8 Nd4+
54. Kg4 Ne6+ 55. Kh5 (55. Kf3 b3 56. Rb8 Nxg5+ 57. hxg5 Rb4 $19) 55... b3 56.
Rb8 Rb4 $1 $19 (56... Nxg5 $6 57. Rxb3 $17) 57. Rxb4 cxb4 58. Bc1 Nf4+ 59. Kg5
Nd3 60. h5 Ke6 $1 (60... Nxc1 $6 61. h6 b2 62. h7 b1=Q 63. h8=Q+ Kd5 $19) (
60... Ke6 61. Kg6 (61. h6 Kf7) 61... Nxc1 62. h6 b2 63. h7 b1=Q+ $19) 0-1